Biblioteka Instytutu Północnego w Olsztynie

Armia Andersa w ZSRS 1941-1942 : (Rekord nr 27828)

Szczegóły MARC
000 -Nagłówek
fixed length control field 02155cam a2200541 i 4500
001 - Nr kontrolny bibl., która utworzyła rek.
control field xx004921344
003 - Siglum bibl., której nr kontr. jest w 001
control field NUKAT
005 - Data i czas ostatniej operacji
control field 20260428083120.0
008 - Elementy pola stałej długości
fixed length control field 200805s2020 pl a |001 0dpol c
020 ## - ISBN
ISBN 9788380989207
dopowiedzenie (oprawa miękka) :
warunki dostępności zł 20,00
035 ## - Systemowy numer kontrolny
systemowy numer kontrolny (OCoLC)1183356954
035 ## - Systemowy numer kontrolny
systemowy numer kontrolny (NUKAT)xx004921344
040 ## - Instytucja sporządzająca opis
Instytucja, która sporządziła opis WR U/hb
język katalgowania-trzyzn. kod pol
zasady opisu rda
Instytucja, która sporządziła rekord WR U/hbs
Instytucja, która zmodyfikowała rekord WR U/ms
-- WA 14/MBs
-- OLSZT 008/bak
045 2# - Okres czasu dla zawartości
czas między r. 9999 pne a nasz. czas. d1940
-- d1942
046 ## - Kod rodz. daty, data1, data2 (daty pne)
Begin/single date 2020
100 1# - Hasło główne-nazwa osobowa
Nazwa osobowa Kalbarczyk, Sławomir
Daty biograficzne (1961- ).
rodzaj współpracy Autor
9 (RLIN) 40736
245 10 - Tytuł właściwy i oznaczenie odpow.
tytuł Armia Andersa w ZSRS 1941-1942 :
dodatek do tytułu niespełnione braterstwo broni z Armią Czerwoną /
dod. inf. ze s. tyt./ozn. odpow. Sławomir Kalbarczyk.
246 3# - Inne formy tytułu, wariant tytułu
tytuł Armia Andersa w Związku Socjalistycznych Republik Sowieckich 1941-1942
260 ## - Adres wydawniczy
miejsce wydania, dystrybucji itp. Warszawa :
nazwa wydawcy, dystrybutora itp. Instytut Pamięci Narodowej,
data wydania, dystrybucji itp. 2020.
300 ## - Opis fizyczny
objętość i/lub forma materiału 175 stron :
inne szczegóły opisu fizycznego ilustracje kolorowe ;
format 25 cm.
336 ## - Content Type
Term Tekst
Code txt
Source rdacontent
337 ## - Media Type
Term Bez urządzenia pośredniczącego
Code n
Source rdamedia
338 ## - Carrier Type
Term Wolumin
Code nc
Source rdacarrier
380 ## - Form of work
Form of work Książki
380 ## - Form of work
Form of work Publikacje popularnonaukowe
388 1# - TIME PERIOD OF CREATION
Time period of creation term 2001-
490 1# - Tytuł serii i ks. wielotom.-nie do wysz.
oznaczenie serii Biblioteka Biuletynu IPN ;
numer woluminu t. 6
504 ## - Uwaga o bibliografii
uwaga o bibliografii Bibliografia na stronach 166-171. Indeksy.
610 27 - Hasło przedmiotowe-nazwa ciała zbior.
nazwa ciała zbior. lub geogr. Armia Polska na Wschodzie
źródło hasła DBN
9 (RLIN) 40737
610 17 - Hasło przedmiotowe-nazwa ciała zbior.
nazwa ciała zbior. lub geogr. Polska.
nazwa jednostki podrzędnej Polskie Siły Zbrojne w ZSRR
określnik rzeczowy historia.
źródło hasła kaba
9 (RLIN) 40739
648 #7 - SUBJECT ADDED ENTRY--CHRONOLOGICAL TERM
Chronological term 1901-2000
Source of heading or term DBN
9 (RLIN) 34996
648 #7 - SUBJECT ADDED ENTRY--CHRONOLOGICAL TERM
Chronological term 1939-1945
Source of heading or term DBN
9 (RLIN) 36042
650 #7 - Hasło przedmiotowe-nazwa pospolita
nazwa pospolita lub geogr. II wojna światowa (1939-1945)
źródło hasła DBN
9 (RLIN) 35099
650 #7 - Hasło przedmiotowe-nazwa pospolita
nazwa pospolita lub geogr. Jeńcy wojenni
źródło hasła DBN
9 (RLIN) 35366
650 #7 - Hasło przedmiotowe-nazwa pospolita
nazwa pospolita lub geogr. Więźniowie obozów
źródło hasła DBN
9 (RLIN) 36983
650 #7 - Hasło przedmiotowe-nazwa pospolita
nazwa pospolita lub geogr. Więźniowie polityczni
źródło hasła DBN
9 (RLIN) 37312
650 #7 - Hasło przedmiotowe-nazwa pospolita
nazwa pospolita lub geogr. Wojsko Polskie (1939-1945)
źródło hasła DBN
9 (RLIN) 38939
651 #7 - Hasło przedmiotowe-nazwa geogr.
nazwa geograficzna Polska
źródło hasła DBN
9 (RLIN) 35076
651 #7 - Hasło przedmiotowe-nazwa geogr.
nazwa geograficzna ZSRR
źródło hasła DBN
9 (RLIN) 37200
651 #7 - Hasło przedmiotowe-nazwa geogr.
nazwa geograficzna Polska
określnik rzeczowy historia wojskowa
określnik chronologiczny 1918-.
źródło hasła kaba
9 (RLIN) 40738
655 #7 - Termin określający rodzaj/formę
rodzaj/forma Opracowanie
źródło terminu DBN
9 (RLIN) 35024
658 ## - Nazwa określająca cel programu nauczania
główny cel programu nauczania Bezpieczeństwo i wojskowość
658 ## - Nazwa określająca cel programu nauczania
główny cel programu nauczania Historia
710 2# - Hasło dodatkowe - nazwa ciała zbior.
nazwa ciała zbior. lub nazwa geogr. Instytut Pamięci Narodowej - Komisja Ścigania Zbrodni przeciwko Narodowi Polskiemu.
rodzaj współpracy Wydawca
kod rodzaju współpracy pbl
9 (RLIN) 11792
830 #0 - Hasło dod. serii i op. ks. wielotom. -tyt
tytuł Biblioteka Biuletynu IPN
oznaczenie tomu t. 6
9 (RLIN) 14044
920 ## - ISBN
ISBN 978-83-8098-920-7 (oprawa miękka) : zł 20,00
942 ## - ADDED ENTRY ELEMENTS (KOHA)
Source of classification or shelving scheme Dewey Decimal Classification
Koha item type pozycje dostępne na miejscu
Egzemplarze
Status wycofania Status zagubienia Klasyfikacja Status uszkodzenia Blokada wypożyczeń Kolekcja Lokalizacja macierzysta Lokalizacja bieżąca Data nabycia Numer akcesji Źródło akcesji Cena Nr inwentarzowy il. wypożyczeń Sygnatura Kod kreskowy Date last seen Price effective from Typ egz.
    Dewey Decimal Classification nieuszkodzona   książka w magazynie Biblioteka Instytutu Północnego w Olsztynie Biblioteka Instytutu Północnego w Olsztynie 30/11/2020 D-36/2020 dar 20.00 59947   59947 IPWK24051 28/04/2026 28/04/2026 pozycje dostępne na miejscu
Biblioteka Instytutu Północnego, ul. Partyzantów 87, 10-402 Olsztyn, email: biblioteka(at)ip.olsztyn.pl